000 01727cam a22004454i 4500
003 PE-LiUPU
005 20250731173203.0
008 1981 s1981 sp a rb 000 0 spa d
020 _a8420161817
035 _aPE-LiUPU38028
040 _aPE-LiUPU
_bspa
_cPE-LiUPU
_erda
041 1 _aSPA
_hFRE
082 0 4 _a221.6
_bC484p
_220
100 _aCharpentier, Étienne,
_eautor.
_95947
240 1 0 _aPour lire l'Ancien Testament.
_lEspañol
245 1 0 _aPara leer el Antiguo Testamento /
_cEtienne Charpentier ; traducido por Nicolás Darrícal.
264 1 _aEstella (Navarra) :
_bEditorial Verbo Divino,
_c1981.
300 _a123 páginas :
_bilustraciones ;
_c21 cm
336 _atext
_2rdacontent
337 _aunmediated
_2rdamedia
338 _avolume
_2rdacarrier
504 _aIncluye bibliografía.
505 0 _aPreparativos para el viaje -- El Éxodo. Un pueblo expresa su fe -- El reino de Jerusalén -- El reino del Norte (935-721) -- Último período del reino de Judá (721-587) -- El destierro en Babilonia (587-538) -- Israel bajo el dominio de los persas (538-333) -- Israel bajo el dominio de los griegos (333-63) y de los romanos (63...) -- Los Salmos -- Al final del viaje -- Literatura judía extrabíblica.
526 _aSEG42
526 _aSEG41
526 _aSEG40
526 _aSEG39
526 _aP94
526 _aP87
526 _aP86
526 _aP85
526 _aP77
526 _aP76
526 _aP35
630 1 4 _aBiblia.
_pAntiguo Testamento
_xIntroducciones.
_95964
700 _aDarrícal, Nicolás,
_etraductor.
_95950
942 _2ddc
_cBK
980 _81
_gALBERTO SANCHEZ Responsable de Automatización
999 _c38005
_d38005